NBA Best Defensive Teams per Year (2000 - now) - Statistics

General Stats
  • This quiz has been taken 109 times
    24 since last reset
  • The average score is 57 of 106
Answer Stats
Giannis Antetokounmpo % Correct
Anthony Edwards
100%
Chucky Brown
100%
Donovan Mitchell
100%
Jarrett Allen
100%
Jaylen Brown
100%
Jayson Tatum
100%
Ray Allen
100%
Tony Allen
100%
Ben Wallace
94%
Derrick Rose
94%
Gerald Wallace
94%
Joakim Noah
94%
Paolo Banchero
94%
Rasheed Wallace
94%
Rudy Gobert
94%
Tim Duncan
94%
Al Horford
88%
Clifford Robinson
88%
Darius Garland
88%
David Robinson
88%
Kawhi Leonard
88%
Kevin Garnett
88%
Kyle Lowry
88%
LeBron James
88%
Manu Ginóbili
88%
Marc Gasol
88%
Pascal Siakam
88%
Pau Gasol
88%
Paul Pierce
88%
Tony Parker
88%
Chauncey Billups
82%
Evan Mobley
82%
Karl-Anthony Towns
82%
Mo Williams
82%
Rajon Rondo
82%
Richard Hamilton
82%
Robert Williams III
82%
Shaquille O'Neal
82%
Mike Conley
76%
Tayshaun Prince
76%
Alonzo Mourning
71%
Myles Turner
71%
Zydrunas Ilgauskas
71%
Danny Green
65%
Jaden McDaniels
65%
Julius Randle
65%
Marcus Smart
65%
Zach Randolph
65%
Franz Wagner
59%
Fred VanVleet
59%
Jalen Suggs
59%
Luol Deng
59%
Avery Johnson
53%
Jimmy Butler
53%
LaMarcus Aldridge
53%
Larry Johnson
53%
Bruce Bowen
47%
OG Anunoby
47%
Stephen Jackson
47%
Wendell Carter Jr.
47%
Allan Houston
41%
Carlos Boozer
41%
Gordon Hayward
41%
K. Caldwell-Pope
41%
Nazr Mohammed
41%
Ricky Rubio
41%
Victor Oladipo
41%
Isaac Okoro
35%
Latrell Sprewell
35%
RJ Barrett
35%
Rudy Gay
35%
Bojan Bogdanović
29%
Boris Diaw
29%
Eddie Jones
29%
Elfrid Payton
29%
Charlie Ward
24%
George Hill
24%
Marcus Camby
24%
Delonte West
18%
Derrick Favors
18%
Joe Ingles
18%
Kirk Hinrich
18%
Lorenzen Wright
18%
Mario Elie
18%
Rasho Nesterović
18%
Antonio McDyess
12%
Brian Grant
12%
Darren Collison
12%
Rodney Hood
12%
Shane Battier
12%
Thaddeus Young
12%
Chucky Atkins
6%
Enes Freedom
6%
Hedo Türkoğlu
6%
Michael Curry
6%
Mike Dunleavy
6%
Nerlens Noel
6%
Raymond Felton
6%
Reggie Bullock
6%
Ronnie Brewer
6%
Trey Burke
6%
Dante Exum
0%
Francisco Elson
0%
Kendall Gill
0%
Rod Strickland
0%
No matching quizzes found
Score Distribution
Percent of People with Each Score
Percentile by Number Answered
Your Score History
You have not taken this quiz since the last reset